000 00384nam a2200133Ia 4500
005 20260326235443.0
008 260326s9999||||xx |||||||||||||| ||und||
100 _aArtigas, Juan Benito
245 0 _aPueblos y Hospitales de Michoacán /
_cJuan Benito Artigas
260 _bUniversidad Nacional Autónoma de México
300 _a137 p.
650 _aARQUITECTURA REGIONAL
942 _cBK
999 _c7501
_d7501